000 00575nam a22001937a 4500
005 20170817120520.0
010 _aENG-119783
020 _a9788179254400
_c140.00
035 _aEN-103315
037 _bDBAD/PUB
082 _aS
100 _aPurandare, Madhuri
245 _aSilver star /
_cby Madhuri Purandare ; translated by Rama Hardeekar-Sakhadeo
260 _aPune
_bJyotsna Prakashan
_c2016
270 _a'Dhavalgiri' 430-31, Shaniwar Peth
_bPune
_e411030
300 _a165p. :
_c22cm(pbk)
_bill.
700 _aHardeekar-Sakhadeo, Rama
942 _2ddc
_cEN
_hS
_mPUR
999 _c143465
_d143465